000 00689nam a2200253Ia 4500
003 OSt
005 20220928103709.0
006 a|||||r|||| 00| 0
007 ta
008 220927b |||||||| |||| 00| 0 hin d
020 _c395
024 _a123937
037 _b226, 05/03/2014, Kiran Book Service
_cTextual
040 _aSDCL
_cSDCL
_bhin
041 _2hin
_ahin
082 _aY15.2'P, Q3
100 _aVanja K
_9406620
245 0 _aEco-feminism
260 _aNew Delhi
_bVani Prakshan
_c2013
300 _a238p.
_ccm.
650 _aHindi
_9391598
942 _hY15.2'P, Q3
_cTEXL
_2CC
999 _c722168
_d722168